[Event "Pamplona Tournament"]
[Site "Pamplona ESP"]
[Date "2004.12.22"]
[EventDate "2004.12.22"]
[Round "1"]
[Result "1/2-1/2"]
[White "Arkadij Naiditsch"]
[Black "Lazaro Bruzon Batista"]
[WhiteElo "2611"]
[BlackElo "2637"]
[PlyCount "105"]

1. e4 e6 2. d4 d5 3. Nd2 dxe4 4. Nxe4 Nd7 5. g3 Be7 6. Bg2
Ngf6 7. Nxf6+ Bxf6 8. Nf3 O-O 9. O-O e5 10. Be3 c6 11. a4 exd4
12. Bxd4 Re8 13. a5 a6 14. Re1 Rxe1+ 15. Qxe1 Bxd4 16. Nxd4
Nf6 17. Qb4 Qc7 18. Re1 Bd7 19. Nb3 Re8 20. Re7 h5 21. h3 Nd5
22. Bxd5 cxd5 23. Nd4 Qd8 24. Rxe8+ Qxe8 25. h4 Qe4 26. Qd2
Qe5 27. c3 Qc7 28. b4 g6 29. Nc2 Bc6 30. Qd4 Qe7 31. Ne3 Qe6
32. Kh2 f6 33. Ng2 Kf7 34. Nf4 Qe4 35. Kg1 Qb1+ 36. Kg2 Qf5
37. Kh2 Qe4 38. Qd1 Kg7 39. Qd3 Kf7 40. Qd4 Qf5 41. Nd3 Qf3
42. Nc5 Ke7 43. Kg1 Kf7 44. Kh2 Ke7 45. Nb3 Kf7 46. Nd2 Qe2
47. Kg2 Ke6 48. Nb3 Kf7 49. Nc5 Ke7 50. Nd3 Qe4+ 51. Kg1 Kf7
52. Nc5 Qe2 53. Nd3 1/2-1/2

[Event "75th German Championship"]
[Site "Hoeckendorf GER"]
[Date "2004.02.07"]
[EventDate "2004.01.30"]
[Round "9"]
[Result "1-0"]
[White "Arkadij Naiditsch"]
[Black "Martin Breutigam"]
[WhiteElo "2576"]
[BlackElo "2409"]
[PlyCount "73"]

1. e4 e5 2. Nf3 Nc6 3. Bb5 f5 4. Nc3 Nd4 5. Bd3 Nf6 6. O-O
Nxf3+ 7. Qxf3 f4 8. Bc4 Bc5 9. Na4 d6 10. Nxc5 dxc5 11. b4
cxb4 12. Bb2 Qe7 13. d4 Bg4 14. Qb3 Nd7 15. f3 Bh5 16. a3 Bf7
17. axb4 Bxc4 18. Qxc4 Nb6 19. Qb5+ Kf7 20. dxe5 Qe6 21. Qc5
Rhd8 22. Rfd1 Rac8 23. Rd3 Rxd3 24. cxd3 g5 25. d4 g4 26. d5
Qg6 27. e6+ Ke8 28. Kh1 c6 29. Rxa7 gxf3 30. gxf3 Qh5 31. Qc3
cxd5 32. Qh8+ Ke7 33. Rxb7+ Kd6 34. Rxb6+ Kc7 35. Rc6+ Kxc6
36. Qxc8+ Kb5 37. Qc5+ 1-0

[Event "75th German Championship"]
[Site "Hoeckendorf GER"]
[Date "2004.02.06"]
[EventDate "2004.01.30"]
[Round "8"]
[Result "1-0"]
[White "Alexander (Nenashev) Graf"]
[Black "Arkadij Naiditsch"]
[WhiteElo "2629"]
[BlackElo "2576"]
[PlyCount "61"]

1. Nf3 Nf6 2. c4 e6 3. g3 d5 4. d4 dxc4 5. Qa4+ Nbd7 6. Bg2 a6
7. Nc3 Rb8 8. Qxc4 b5 9. Qd3 Bb7 10. O-O Bd6 11. Ng5 Bxg2
12. Kxg2 Be7 13. Bf4 Nh5 14. Nce4 Nxf4+ 15. gxf4 Nb6 16. Rac1
h6 17. Nf3 Nd5 18. e3 Rb6 19. Rfd1 g5 20. Nc3 f5 21. Ne5 gxf4
22. e4 Nxc3 23. Rxc3 Qa8 24. f3 Rd6 25. exf5 Bf6 26. fxe6 Rg8+
27. Kf1 Bxe5 28. Qf5 Rf8 29. Qh5+ Kd8 30. Qxe5 Re8 31. d5 1-0

[Event "75th German Championship"]
[Site "Hoeckendorf GER"]
[Date "2004.02.03"]
[EventDate "2004.01.30"]
[Round "6"]
[Result "1/2-1/2"]
[White "Karsten Mueller"]
[Black "Arkadij Naiditsch"]
[WhiteElo "2517"]
[BlackElo "2576"]
[PlyCount "82"]

1. e4 c5 2. Nf3 d6 3. d4 cxd4 4. Nxd4 Nf6 5. Nc3 a6 6. Bc4 e6
7. Bb3 Nbd7 8. Bg5 Qa5 9. Bd2 Qc7 10. Qe2 Nc5 11. g4 b5 12. g5
Nfd7 13. f4 Nb6 14. a3 g6 15. f5 e5 16. Bd5 Bb7 17. Bxb7 Qxb7
18. Nf3 Nca4 19. O-O-O Rc8 20. Nxa4 bxa4 21. Bb4 Nc4 22. Nd2
Nxb2 23. Kxb2 a5 24. c3 d5 25. exd5 axb4 26. Qxe5+ Kd7 27. c4
Bd6 28. Qf6 Rhe8 29. Rhe1 bxa3+ 30. Ka2 Rxe1 31. Rxe1 Qb2+
32. Qxb2 axb2 33. Kxb2 Bf4 34. Kc3 a3 35. Nf3 gxf5 36. Kb3 Bd6
37. Re2 f4 38. h3 Rb8+ 39. Ka2 Bc5 40. Ne5+ Kc7 41. Nd3 Be3
1/2-1/2

[Event "75th German Championship"]
[Site "Hoeckendorf GER"]
[Date "2004.02.03"]
[EventDate "2004.01.30"]
[Round "5"]
[Result "1-0"]
[White "Arkadij Naiditsch"]
[Black "Peter Enders"]
[WhiteElo "2576"]
[BlackElo "2478"]
[PlyCount "55"]

1. e4 c5 2. Nf3 d6 3. d4 cxd4 4. Nxd4 Nf6 5. Nc3 a6 6. Bg5 e6
7. f4 Be7 8. Qf3 h6 9. Bh4 g5 10. fxg5 Nfd7 11. Nxe6 fxe6
12. Qh5+ Kf8 13. Bb5 Rh7 14. O-O+ Kg8 15. g6 Rg7 16. Rf7 Bxh4
17. Qxh6 Rxf7 18. gxf7+ Kxf7 19. Rf1+ Bf6 20. e5 dxe5 21. Ne4
axb5 22. Qh7+ Kf8 23. Qh8+ Ke7 24. Qh7+ Kf8 25. Nxf6 Qb6+
26. Kh1 Nxf6 27. Rxf6+ Ke8 28. Rf7 1-0

[Event "75th German Championship"]
[Site "Hoeckendorf GER"]
[Date "2004.02.02"]
[EventDate "2004.01.30"]
[Round "4"]
[Result "1-0"]
[White "Arkadij Naiditsch"]
[Black "Matthias Schurade"]
[WhiteElo "2576"]
[BlackElo "2370"]
[PlyCount "63"]

1. e4 c5 2. Nf3 d6 3. d4 cxd4 4. Nxd4 Nf6 5. Nc3 a6 6. Bg5 e6
7. f4 Be7 8. Qf3 Qc7 9. O-O-O Nbd7 10. Bd3 h6 11. Qh3 Rg8
12. Bxf6 Nxf6 13. f5 e5 14. Nf3 Bd7 15. Nd2 b5 16. Nd5 Nxd5
17. exd5 Bg5 18. Kb1 Bxd2 19. Rxd2 O-O-O 20. Qh5 f6 21. c4 b4
22. c5 dxc5 23. d6 Qxd6 24. Rhd1 Qb6 25. Bc4 Rgf8 26. Rxd7
Rxd7 27. Be6 Rfd8 28. Rxd7 Rxd7 29. Qe8+ Qd8 30. Bxd7+ Kc7
31. Qxd8+ Kxd8 32. Be6 1-0

[Event "75th German Championship"]
[Site "Hoeckendorf GER"]
[Date "2004.01.31"]
[EventDate "2004.01.30"]
[Round "2"]
[Result "1-0"]
[White "Marco Thinius"]
[Black "Arkadij Naiditsch"]
[WhiteElo "2387"]
[BlackElo "2576"]
[PlyCount "91"]

1. e4 c5 2. Nf3 d6 3. d4 cxd4 4. Nxd4 Nf6 5. Nc3 a6 6. Be2 e5
7. Nb3 Be7 8. Bg5 Be6 9. Bxf6 Bxf6 10. Qd3 Bg5 11. Rd1 Nc6
12. Qxd6 Qxd6 13. Rxd6 Ke7 14. Rd1 Nb4 15. Bd3 Rac8 16. O-O
Rhd8 17. g3 Bh3 18. Rfe1 Bg4 19. Be2 Be6 20. h4 Bh6 21. Rxd8
Rxd8 22. Rd1 Nxc2 23. Rxd8 Kxd8 24. Nc5 Bc8 25. Bc4 f6 26. Bg8
b6 27. N5a4 b5 28. Nc5 Ke7 29. Nd3 Kd6 30. Bxh7 Be6 31. b3 Nd4
32. f4 a5 33. Kf2 Bg4 34. Bg8 b4 35. Na4 Ne2 36. fxe5+ fxe5
37. Nb6 Nc3 38. Nc4+ Kc7 39. Bd5 Bd1 40. Ndxe5 Bc2 41. Nxa5
Nxa2 42. Nec6 Kb6 43. Nd4 Bd1 44. Nc4+ Kc5 45. Ne6+ Kb5
46. Ne3 1-0

[Event "75th German Championship"]
[Site "Hoeckendorf GER"]
[Date "2004.01.30"]
[EventDate "2004.01.30"]
[Round "1"]
[Result "1/2-1/2"]
[White "Arkadij Naiditsch"]
[Black "Thomas Reich"]
[WhiteElo "2576"]
[BlackElo "2408"]
[PlyCount "125"]

1. e4 d6 2. d4 Nf6 3. Nc3 g6 4. Be3 Bg7 5. Qd2 O-O 6. Nf3 e5
7. O-O-O Nc6 8. h3 a6 9. g4 b5 10. g5 Nh5 11. dxe5 dxe5
12. Nd5 Be6 13. Rg1 Ne7 14. Bc5 Bxd5 15. exd5 Re8 16. Bg2 Nf5
17. Bh1 Nd6 18. Qe1 Qd7 19. h4 a5 20. Kb1 b4 21. Nd2 Qh3
22. Bf3 Nc4 23. Bxh5 Nxd2+ 24. Rxd2 gxh5 25. Qe4 Rab8 26. b3
Rb5 27. Be3 Qd7 28. Rgd1 Bf8 29. Qc4 Ra8 30. Qc6 Qe8 31. Rd3
Bd6 32. a4 bxa3 33. Qxe8+ Rxe8 34. c4 Rc5 35. Re1 a4 36. Bxc5
Bxc5 37. f3 Kg7 38. Ka2 axb3+ 39. Rxb3 Kg6 40. Rb5 Bf2 41. Re4
h6 42. f4 hxg5 43. hxg5 Kf5 44. Re2 Bd4 45. Rb7 Rc8 46. fxe5
Bxe5 47. Rb1 Bg3 48. Rf1+ Kxg5 49. Rxf7 h4 50. Ree7 Rg8
51. Rh7 Kg4 52. c5 Rg5 53. Reg7 Rxg7 54. Rxg7+ Kf5 55. Kxa3
Be5 56. Rh7 Kg4 57. Re7 Bf4 58. Rg7+ Kf3 59. Rh7 Kg3 60. Kb3
h3 61. Kc4 h2 62. d6 Bxd6 63. cxd6 1/2-1/2

[Event "Wijk aan Zee B Group"]
[Site "Wijk aan Zee NED"]
[Date "2004.01.13"]
[EventDate "2004.01.10"]
[Round "3"]
[Result "1/2-1/2"]
[White "Daniel Stellwagen"]
[Black "Arkadij Naiditsch"]
[WhiteElo "2489"]
[BlackElo "2576"]
[PlyCount "132"]

1. e4 e5 2. Nf3 Nc6 3. Bb5 Nf6 4. O-O Nxe4 5. d4 Nd6 6. Bxc6
dxc6 7. dxe5 Nf5 8. Qxd8+ Kxd8 9. Nc3 Ne7 10. Ne4 h6 11. b3
Ng6 12. Bb2 Ke8 13. Nd4 Nf4 14. Rad1 Bg4 15. f3 Bd7 16. Bc1
Ne6 17. Ne2 Nc5 18. Nf2 a5 19. f4 a4 20. Be3 Na6 21. c3 c5
22. Rd2 Be7 23. Rfd1 Be6 24. c4 b6 25. Nc3 axb3 26. axb3 Nb4
27. Nb5 Rc8 28. Ne4 Bg4 29. Re1 Kf8 30. Bf2 h5 31. h3 Be6
32. Nec3 Kg8 33. Nd5 Nxd5 34. cxd5 Bf5 35. Na7 Ra8 36. Nc6 Bf8
37. e6 Bd6 38. Bh4 fxe6 39. dxe6 Re8 40. Rxd6 cxd6 41. Ne7+
Rxe7 42. Bxe7 Rh6 43. Bxd6 Bxe6 44. b4 c4 45. Be5 b5 46. Kf2
Bf5 47. Ra1 Rc6 48. Ra3 h4 49. g4 hxg3+ 50. Rxg3 g6 51. h4 Kf7
52. Ra3 Ke6 53. Ke3 Bc2 54. Kd2 Be4 55. Ra5 Rb6 56. Ke3 Bd3
57. Bd4 Rb8 58. Ra6+ Kf5 59. Kf3 Be4+ 60. Ke3 Bc2 61. Rb6 Re8+
62. Be5 Rd8 63. Rxb5 Rd3+ 64. Kf2 Rd2+ 65. Ke3 Rd3+ 66. Kf2
Rd2+ 1/2-1/2

[Event "Wijk aan Zee B Group"]
[Site "Wijk aan Zee NED"]
[Date "2004.01.15"]
[EventDate "2004.01.10"]
[Round "5"]
[Result "1-0"]
[White "Hichem Hamdouchi"]
[Black "Arkadij Naiditsch"]
[WhiteElo "2588"]
[BlackElo "2576"]
[PlyCount "67"]

1. e4 c5 2. Nf3 d6 3. d4 cxd4 4. Nxd4 Nf6 5. Nc3 a6 6. Bc4 e6
7. Bb3 b5 8. Bg5 Be7 9. Qf3 Qc7 10. O-O-O O-O 11. e5 dxe5
12. Ndxb5 axb5 13. Qxa8 b4 14. Nb5 Qb6 15. Qa7 Qxb5 16. Qxe7
Nc6 17. a4 Qa6 18. Qc5 Nd5 19. Kb1 Bb7 20. Bxd5 exd5 21. Rxd5
h6 22. Be3 Qxa4 23. Qb5 Qa8 24. Rd7 Rb8 25. Qc4 Nd8 26. Qa2
Qxa2+ 27. Kxa2 Bxg2 28. Rhd1 Ne6 29. Kb3 f5 30. Re7 Bf3
31. Rd6 Nf8 32. Rxe5 Be4 33. Re7 Rc8 34. Bd4 1-0

[Event "Wijk aan Zee B Group"]
[Site "Wijk aan Zee NED"]
[Date "2004.01.17"]
[EventDate "2004.01.10"]
[Round "6"]
[Result "1-0"]
[White "Arkadij Naiditsch"]
[Black "John van der Wiel"]
[WhiteElo "2576"]
[BlackElo "2542"]
[PlyCount "79"]

1. e4 c5 2. Nf3 Nc6 3. Nc3 g6 4. d4 cxd4 5. Nxd4 Bg7 6. Be3
Nf6 7. Bc4 O-O 8. Bb3 a5 9. f3 d5 10. Bxd5 Nxd5 11. Nxd5 f5
12. Nxc6 bxc6 13. Nb6 Rb8 14. Qxd8 Rxd8 15. Rd1 Rxd1+ 16. Kxd1
fxe4 17. Nxc8 Rxc8 18. b3 exf3 19. gxf3 a4 20. Ke2 Ra8 21. b4
Kf7 22. c4 Be5 23. h3 Ke6 24. Kd3 Bd6 25. Rb1 Rb8 26. a3 Rf8
27. Ke4 Rf5 28. f4 Rh5 29. Rh1 Rh4 30. Rg1 Rxh3 31. Rg5 Rh5
32. Rxh5 gxh5 33. f5+ Kf6 34. Bf4 h4 35. Bxd6 exd6 36. b5 d5+
37. Kf3 cxb5 38. cxb5 h3 39. b6 h2 40. Kg2 1-0

[Event "Wijk aan Zee B Group"]
[Site "Wijk aan Zee NED"]
[Date "2004.01.18"]
[EventDate "2004.01.10"]
[Round "7"]
[Result "1-0"]
[White "Eric Lobron"]
[Black "Arkadij Naiditsch"]
[WhiteElo "2497"]
[BlackElo "2576"]
[PlyCount "117"]

1. e4 e5 2. Nf3 Nc6 3. Bb5 a6 4. Ba4 Nf6 5. O-O Be7 6. Re1 b5
7. Bb3 O-O 8. a4 b4 9. d3 d6 10. a5 Be6 11. Nbd2 Bxb3 12. Nxb3
Re8 13. h3 h6 14. Bd2 Bf8 15. Nh2 Nd7 16. Ng4 Nc5 17. Nxc5
dxc5 18. Ne3 Rb8 19. Nc4 Be7 20. Be3 Rb5 21. b3 Bg5 22. Rf1
Re6 23. Kh2 Qe7 24. g3 Bxe3 25. fxe3 g6 26. Rf3 h5 27. Qe2 Rf6
28. Raf1 Rxf3 29. Qxf3 Kg7 30. Kg2 Qe6 31. g4 hxg4 32. hxg4 g5
33. Rh1 Rb8 34. Qh3 Qg6 35. Nd2 Ne7 36. Nf1 Rg8 37. Ng3 Kf8
38. Nf5 Nxf5 39. exf5 Qd6 40. Qf3 c6 41. Qh3 f6 42. Kf2 Qd5
43. Qh7 Qf7 44. Qxf7+ Kxf7 45. Rh7+ Rg7 46. Rh6 Ke7 47. Kf3
Rf7 48. Ke4 Kd6 49. Rh8 Kc7 50. Ra8 Kb7 51. Re8 Rh7 52. Re6
Rh6 53. d4 exd4 54. exd4 Rh4 55. Rxf6 Rxg4+ 56. Ke5 cxd4
57. Rf7+ Kc8 58. f6 Kd8 59. Ra7 1-0

[Event "Wijk aan Zee B Group"]
[Site "Wijk aan Zee NED"]
[Date "2004.01.22"]
[EventDate "2004.01.10"]
[Round "10"]
[Result "1/2-1/2"]
[White "Leinier Dominguez Perez"]
[Black "Arkadij Naiditsch"]
[WhiteElo "2605"]
[BlackElo "2576"]
[PlyCount "68"]

1. e4 c5 2. Nf3 d6 3. d4 cxd4 4. Nxd4 Nf6 5. Nc3 a6 6. Rg1 e5
7. Nb3 Be6 8. g4 d5 9. exd5 Nxd5 10. Nxd5 Qxd5 11. Be3 Qxd1+
12. Rxd1 Nd7 13. Bg2 O-O-O 14. Bd5 Nc5 15. Bxe6+ Nxe6 16. Ke2
Be7 17. Na5 Bc5 18. Nc4 Bxe3 19. fxe3 f6 20. Rxd8+ Kxd8 21. h4
Ke7 22. a4 h5 23. g5 fxg5 24. hxg5 Rc8 25. b3 e4 26. c3 Rc5
27. g6 h4 28. Nd2 Re5 29. Rh1 Rh5 30. Nxe4 Nf8 31. Ng3 Rg5
32. Ne4 Rh5 33. Ng3 Rg5 34. Ne4 Rh5 1/2-1/2

[Event "Wijk aan Zee B Group"]
[Site "Wijk aan Zee NED"]
[Date "2004.01.23"]
[EventDate "2004.01.10"]
[Round "11"]
[Result "1-0"]
[White "Arkadij Naiditsch"]
[Black "Friso Nijboer"]
[WhiteElo "2576"]
[BlackElo "2586"]
[PlyCount "111"]

1. e4 c5 2. Nf3 e6 3. d4 cxd4 4. Nxd4 a6 5. Bd3 Bc5 6. Nb3 Ba7
7. c4 Nc6 8. O-O Nge7 9. Nc3 d6 10. Kh1 e5 11. Be2 Ng6 12. Nd5
O-O 13. Bg4 Qh4 14. f3 b5 15. Bxc8 Rfxc8 16. cxb5 axb5 17. Be3
Bxe3 18. Nxe3 Qg5 19. Nd5 Rab8 20. Rc1 h5 21. g3 h4 22. Qd2
Qxd2 23. Nxd2 Nd4 24. Kg2 Kf8 25. Kf2 Ne7 26. Nb4 Ra8 27. a3
f6 28. Nb1 Ndc6 29. Nxc6 Nxc6 30. Nc3 Nd4 31. gxh4 Rc4 32. Nd5
Rac8 33. Rc3 Rxc3 34. Nxc3 Kf7 35. Kg3 Rc4 36. h5 f5 37. Kh4
b4 38. axb4 Rxb4 39. Rf2 Ne6 40. Rd2 Nd4 41. Rf2 f4 42. Nd5
Ra4 43. h6 Ra8 44. hxg7 Rg8 45. Kh3 Rxg7 46. b4 Rg1 47. Rg2
Rf1 48. Kg4 Rxf3 49. b5 Rf1 50. b6 Kg6 51. Kh3+ Kh6 52. Rb2
Rg1 53. b7 Ne6 54. Kh4 Ng5 55. Rb3 Rh1 56. b8=Q 1-0

[Event "2nd Fraenkische Grossmeistertage"]
[Site "Pulvermuehle GER"]
[Date "2004.02.20"]
[EventDate "2004.02.19"]
[Round "2"]
[Result "1/2-1/2"]
[White "Arkadij Naiditsch"]
[Black "David Baramidze"]
[WhiteElo "2576"]
[BlackElo "2456"]
[PlyCount "71"]

1. e4 c5 2. Nf3 d6 3. d4 cxd4 4. Nxd4 Nf6 5. Nc3 a6 6. Bg5 e6
7. f4 Be7 8. Qf3 Qc7 9. O-O-O Nbd7 10. Bd3 h6 11. Qh3 Nc5
12. Bh4 Bd7 13. Rhe1 O-O-O 14. Bf2 Kb8 15. Nb3 Bc6 16. Kb1 b5
17. e5 Nfd7 18. Nd4 dxe5 19. Nxc6+ Qxc6 20. fxe5 Nxd3 21. cxd3
Rc8 22. Rc1 Bg5 23. Be3 Bxe3 24. Qxe3 Qxg2 25. a4 Qb7 26. axb5
axb5 27. Qd4 Nc5 28. Qb4 Rc6 29. Red1 Rhc8 30. d4 Ne4 31. Nxb5
Nd2+ 32. Qxd2 Qxb5 33. Rxc6 Rxc6 34. Qe3 Qc4 35. Qd3 Kb7
36. Qxc4 1/2-1/2

[Event "2nd Fraenkische Grossmeistertage"]
[Site "Pulvermuehle GER"]
[Date "2004.02.21"]
[EventDate "2004.02.19"]
[Round "3"]
[Result "0-1"]
[White "Daniel Stellwagen"]
[Black "Arkadij Naiditsch"]
[WhiteElo "2489"]
[BlackElo "2576"]
[PlyCount "186"]

1. e4 e5 2. Nf3 Nc6 3. Bb5 a6 4. Ba4 Nf6 5. O-O Be7 6. Re1 b5
7. Bb3 O-O 8. a4 b4 9. d3 d6 10. a5 Be6 11. Nbd2 Bxb3 12. Nxb3
Re8 13. Bg5 d5 14. Nfd2 h6 15. Bxf6 Bxf6 16. Qf3 d4 17. g3 g6
18. Qg2 Bg5 19. Nc4 h5 20. Re2 Rb8 21. Rf1 Rb5 22. Kh1 Bh6
23. f4 h4 24. f5 hxg3 25. Qh3 Qg5 26. Rg2 Qh5 27. Qxh5 gxh5
28. Rxg3+ Kf8 29. Rh3 Ke7 30. Rxh5 Bf4 31. Rg1 Nb8 32. Rh4 Rd8
33. Kg2 Bg5 34. Rg4 Bf6 35. h3 Nd7 36. Kh2 Rbb8 37. Ncd2 Rf8
38. Nf3 Rb5 39. Rg8 Nc5 40. Rxf8 Kxf8 41. Nfd2 Nd7 42. Nc4 Rb8
43. Rg4 Bg7 44. h4 Bh6 45. Kh3 Rb5 46. Rg1 Nf6 47. Kg3 Nh5+
48. Kf3 Nf4 49. Rg4 f6 50. Rg6 Nxg6 51. fxg6 Kg8 52. Kg4 Bf8
53. h5 Rb8 54. Ncd2 Rd8 55. Kf5 Rd6 56. Nc4 Rc6 57. Nbd2 Bh6
58. Nf3 Kg7 59. b3 Be3 60. Nh2 Bf4 61. Ng4 Bc1 62. Nh2 Bf4
63. Nf3 Be3 64. Kg4 Bf2 65. Nfd2 Be3 66. Nf1 Bf4 67. Kh4 Kh6
68. Kg4 Rc5 69. Kf5 Rc6 70. Kg4 Re6 71. Kf5 Re8 72. Kxf6 Rf8+
73. Ke6 Kg7 74. Kd7 Rh8 75. Kxc7 Rxh5 76. Kb7 Rh1 77. Kxa6
Rxf1 78. Kb7 Rc1 79. a6 Rxc2 80. a7 Ra2 81. a8=Q Rxa8 82. Kxa8
Kxg6 83. Kb7 Kg5 84. Kc6 Kg4 85. Kd5 Kf3 86. Nxe5+ Bxe5
87. Kxe5 Ke3 88. Kf5 Kxd3 89. e5 Kc3 90. e6 d3 91. e7 d2
92. e8=Q d1=Q 93. Qe3+ Qd3+ 0-1

[Event "2nd Fraenkische Grossmeistertage"]
[Site "Pulvermuehle GER"]
[Date "2004.02.22"]
[EventDate "2004.02.19"]
[Round "4"]
[Result "0-1"]
[White "Arkadij Naiditsch"]
[Black "Jan Gustafsson"]
[WhiteElo "2576"]
[BlackElo "2572"]
[PlyCount "80"]

1. e4 e5 2. Nf3 Nc6 3. Bb5 a6 4. Ba4 Nf6 5. O-O Be7 6. Re1 b5
7. Bb3 d6 8. c3 O-O 9. h3 Na5 10. Bc2 c5 11. d4 Re8 12. dxe5
dxe5 13. Nxe5 Bb7 14. Qxd8 Bxd8 15. f4 Bc7 16. Nd2 Bxe5
17. fxe5 Nd7 18. Nf3 Nxe5 19. Nxe5 Rxe5 20. Bf4 Ree8 21. b3
Bc6 22. Bc7 Nb7 23. a4 Rac8 24. Bb6 Re6 25. a5 Rce8 26. b4 c4
27. Rad1 f5 28. Bc7 fxe4 29. Re3 R6e7 30. Bg3 Re6 31. Kf2 Nd8
32. Rd4 Nf7 33. Bf4 Rf6 34. Kg3 g5 35. Bc7 Nh6 36. Bxe4 Nf5+
37. Bxf5 Rxe3+ 38. Kg4 h6 39. Bb6 Re5 40. Bc8 Re2 0-1

[Event "2nd Fraenkische Grossmeistertage"]
[Site "Pulvermuehle GER"]
[Date "2004.02.23"]
[EventDate "2004.02.19"]
[Round "6"]
[Result "0-1"]
[White "Arkadij Naiditsch"]
[Black "Fabian Doettling"]
[WhiteElo "2576"]
[BlackElo "2532"]
[PlyCount "162"]

1. e4 c6 2. d4 d5 3. e5 Bf5 4. Nc3 a6 5. Be3 Qc7 6. Be2 e6
7. g4 Bg6 8. f4 f6 9. Nf3 Nd7 10. a3 Ne7 11. h3 c5 12. f5 cxd4
13. Nxd4 exf5 14. gxf5 Bxf5 15. Nxf5 Nxf5 16. Nxd5 Qc6 17. Bf4
fxe5 18. Bg5 Be7 19. O-O Bc5+ 20. Kh2 O-O 21. Bd3 Qxd5
22. Bxf5 Qxd1 23. Raxd1 Nf6 24. c3 Rae8 25. Bxf6 Rxf6 26. Be4
b6 27. Rxf6 gxf6 28. b4 Be7 29. Rd7 Kf7 30. c4 Rb8 31. Ra7 Ke6
32. Bd5+ Kd6 33. Bf7 Bd8 34. Rxa6 e4 35. c5+ Ke5 36. c6 Bc7
37. Kg2 f5 38. b5 f4 39. Ra7 Kd6 40. Bc4 Re8 41. a4 Re5
42. Be2 Rc5 43. Kf2 Rc2 44. Ke1 f3 45. Bd1 f2+ 46. Kf1 Rc1
47. Kxf2 Rxd1 48. Ke3 Re1+ 49. Kf2 Rh1 50. Ke3 Rxh3+ 51. Kxe4
Rg3 52. Ra8 Rg7 53. Kf5 Rf7+ 54. Kg4 Rf1 55. Kh3 Rf4 56. Ra7
h5 57. Ra8 Re4 58. Kg3 Kc5+ 59. Kh3 Re7 60. Ra7 Rh7 61. Kg2 h4
62. Kh3 Rg7 63. Rb7 Kb4 64. Ra7 Rh7 65. Ra6 Rh8 66. Ra7 Bg3
67. Ra6 Bf2 68. Ra7 Be1 69. Re7 Bg3 70. Ra7 Rf8 71. Ra6 Bf2
72. Ra7 Rf4 73. Kg2 Bc5 74. Kh3 Rc4 75. Ra6 Bf2 76. Kg2 Rc2
77. Kh3 Rc3+ 78. Kg4 h3 79. Ra7 h2 80. Rh7 Bg3 81. Rh3 Rc1 0-1

[Event "2nd Fraenkische Grossmeistertage"]
[Site "Pulvermuehle GER"]
[Date "2004.02.26"]
[EventDate "2004.02.19"]
[Round "9"]
[Result "1/2-1/2"]
[White "Michael Bezold"]
[Black "Arkadij Naiditsch"]
[WhiteElo "2456"]
[BlackElo "2576"]
[PlyCount "106"]

1. d4 Nf6 2. Nf3 e6 3. e3 b6 4. Bd3 Bb7 5. O-O c5 6. c4 Be7
7. Nc3 cxd4 8. exd4 d5 9. cxd5 Nxd5 10. Ne5 O-O 11. Qg4 f5
12. Qe2 Nc7 13. Rd1 Nd7 14. Nxd7 Qxd7 15. Bf4 Nd5 16. Be5 Rac8
17. Nxd5 Qxd5 18. f3 Bd6 19. Rac1 Bxe5 20. Qxe5 Rfd8 21. Rxc8
Rxc8 22. a3 Rd8 23. Qxd5 Bxd5 24. Bc2 Rc8 25. Rd2 Kf7 26. Kf2
Kf6 27. h4 h6 28. Ke3 g5 29. hxg5+ hxg5 30. Kf2 Ke7 31. Bd3
Bb3 32. d5 Bxd5 33. Bxf5 exf5 34. Rxd5 Rc2+ 35. Kg3 Ke6
36. Rb5 Re2 37. Rb4 Kf6 38. Rb3 f4+ 39. Kh3 Re1 40. Kh2 Rb1
41. Rb5 Kg6 42. a4 Ra1 43. b3 Kh5 44. Rd5 Rb1 45. Rb5 Ra1
46. Rd5 Ra3 47. Rd7 a5 48. Rd3 g4 49. fxg4+ Kxg4 50. Kg1 Ra1+
51. Kf2 Rb1 52. Ke2 Rb2+ 53. Kf1 Rb1+ 1/2-1/2

[Event "2nd Fraenkische Grossmeistertage"]
[Site "Pulvermuehle GER"]
[Date "2004.02.27"]
[EventDate "2004.02.19"]
[Round "10"]
[Result "1-0"]
[White "Arkadij Naiditsch"]
[Black "Almira Skripchenko"]
[WhiteElo "2576"]
[BlackElo "2456"]
[PlyCount "63"]

1. e4 c5 2. Nf3 Nc6 3. Bb5 g6 4. Bxc6 dxc6 5. d3 Bg7 6. h3 Nf6
7. Nc3 Nd7 8. O-O e5 9. Bg5 f6 10. Be3 Qe7 11. a3 Nf8 12. b4
Ne6 13. Na4 b6 14. bxc5 b5 15. Nc3 Nxc5 16. d4 exd4 17. Nxd4
Bd7 18. a4 b4 19. Ndb5 cxb5 20. Nd5 Qd6 21. Bf4 Qc6 22. axb5
Qb7 23. Nc7+ Kf7 24. Qd4 g5 25. Qxc5 gxf4 26. Rfd1 Be6
27. Qh5+ Ke7 28. Nxe6 Kxe6 29. Qg4+ f5 30. Ra6+ Kf7 31. Qxf5+
Kg8 32. Rd7 1-0

[Event "5th IECC Playoffs"]
[Site "Antalya TUR"]
[Date "2004.05.30"]
[EventDate "2004.05.30"]
[Round "1"]
[Result "1-0"]
[White "Arkadij Naiditsch"]
[Black "Michal Krasenkow"]
[WhiteElo "2571"]
[BlackElo "2609"]
[PlyCount "73"]

1. e4 e5 2. Nf3 Nc6 3. Bb5 a6 4. Bxc6 dxc6 5. O-O Qd6 6. Na3
Be6 7. Qe2 f6 8. Rd1 O-O-O 9. d4 Bg4 10. Be3 Qe6 11. dxe5 Re8
12. h3 Bxf3 13. Qxf3 Bxa3 14. bxa3 fxe5 15. Rd3 Nf6 16. Rb3
Qc4 17. Rab1 b5 18. Rb4 Qxc2 19. Rc1 Qxa2 20. Rxc6 Kb7 21. Rc1
c6 22. Bg5 Qe6 23. Qc3 Nd7 24. a4 Rc8 25. Rb2 Nb6 26. Be3 c5
27. axb5 a5 28. Rd2 Rc7 29. Rcd1 Qc4 30. Qxe5 a4 31. Bf4 Rhc8
32. Qf5 g6 33. Qg4 Qxe4 34. Rd6 Nc4 35. Re6 Qc2 36. Qf3+ Kb8
37. Ra6 1-0

[Event "5th IECC Playoffs"]
[Site "Antalya TUR"]
[Date "2004.05.30"]
[EventDate "2004.05.30"]
[Round "2"]
[Result "0-1"]
[White "Michal Krasenkow"]
[Black "Arkadij Naiditsch"]
[WhiteElo "2609"]
[BlackElo "2571"]
[PlyCount "72"]

1. Nf3 Nf6 2. c4 e6 3. Nc3 Bb4 4. g4 h6 5. Rg1 b6 6. Qc2 Bb7
7. a3 Be7 8. g5 hxg5 9. Nxg5 Bf8 10. d4 Nc6 11. Nf3 d5
12. cxd5 Nxd5 13. e4 Nxc3 14. Qxc3 Qd7 15. Bb5 f6 16. Be3 a6
17. Ba4 b5 18. Bb3 b4 19. Qc2 Na5 20. Ba4 Bc6 21. axb4 Bxb4+
22. Bd2 Bxd2+ 23. Nxd2 Rxh2 24. Nf1 Rh8 25. Ne3 Bxa4 26. Rxa4
Nc6 27. Qc4 Rd8 28. Nc2 Ne5 29. Qb3 Nf3+ 30. Qxf3 Qxa4 31. Qc3
Qd7 32. Kd2 c5 33. Qxc5 Rc8 34. Qb4 Rh2 35. Ne3 Rxf2+ 36. Ke1
Rh2 0-1

[Event "5th Individual European Chess Championship"]
[Site "Antalya TUR"]
[Date "2004.05.15"]
[EventDate "2004.05.15"]
[Round "1"]
[Result "1-0"]
[White "Serkan Kose"]
[Black "Arkadij Naiditsch"]
[WhiteElo "2244"]
[BlackElo "2571"]
[PlyCount "65"]

1. e4 c5 2. c3 d5 3. exd5 Qxd5 4. d4 Nf6 5. Nf3 Bg4 6. Be2 e6
7. O-O Nc6 8. h3 Bh5 9. Be3 cxd4 10. cxd4 Be7 11. Nc3 Qd6
12. Nb5 Qb8 13. Rc1 a6 14. Nc3 O-O 15. Na4 Nd5 16. Nc5 Rd8
17. Qb3 b5 18. Qd1 Qb6 19. Bd3 e5 20. Bxh7+ Kh8 21. Be4 f5
22. Bxf5 exd4 23. Nd7 Qb7 24. Rxc6 Nxe3 25. Rh6+ gxh6
26. Qxd4+ Kg8 27. fxe3 Rxd7 28. Bxd7 Rf8 29. Be6+ Kh7 30. Ne5
Rxf1+ 31. Kxf1 Bf6 32. Qf4 Qg7 33. Qe4+ 1-0

[Event "5th Individual European Chess Championship"]
[Site "Antalya TUR"]
[Date "2004.05.16"]
[EventDate "2004.05.15"]
[Round "2"]
[Result "1-0"]
[White "Arkadij Naiditsch"]
[Black "Yakup Erturan"]
[WhiteElo "2571"]
[BlackElo "2273"]
[PlyCount "71"]

1. e4 e5 2. Nf3 Nc6 3. Bb5 a6 4. Ba4 Nf6 5. O-O Be7 6. Re1 b5
7. Bb3 O-O 8. c3 d5 9. d4 exd4 10. e5 Ne4 11. Nxd4 Nxd4
12. cxd4 c5 13. dxc5 Bxc5 14. Be3 d4 15. Bf4 Bb7 16. Qd3 Ng5
17. Nd2 Ne6 18. Bc2 Qh4 19. Bg3 Qh6 20. Ne4 Bb4 21. Re2 Bd5
22. Bb3 Rac8 23. Rc2 Bxe4 24. Qxe4 Nc5 25. Qf5 Rcd8 26. Rxc5
Bxc5 27. e6 Bb4 28. exf7+ Kh8 29. Bf4 Qg6 30. Qxg6 hxg6 31. a3
Bd6 32. Bg5 Rd7 33. Rd1 Be5 34. Rd3 Rfxf7 35. f4 Bc7 36. Kf1
1-0